La neurosis básica : la regresión oral y el masoquismo psíquico /

Uloženo v:
Podrobná bibliografie
Hlavní autor: Bergler, Edmund (autor)
Médium: Kniha
Jazyk:španělština
Vydáno: Buenos Aires, Argentina : Hormé, 1959, c1959
Témata:
Tagy: Přidat tag
Žádné tagy, Buďte první, kdo vytvoří štítek k tomuto záznamu!

MARC

LEADER 00000nam^a2200000^a^4500
001 000186779
005 20250521000000.0
009 20260310102236.954
037 |a Acervo ITESO - Biblioteca 
041 |a ESP 
082 |a 616. 852  |b BER 
100 |a Bergler, Edmund  |e (autor) 
245 1 3 |a La neurosis básica :  |b la regresión oral y el masoquismo psíquico /  |c E. Bergler ; tr. por Daniel Ricardo Wagner. 
264 4 |a Buenos Aires, Argentina :  |b Hormé,  |c 1959, c1959 
300 |a 391 p. 
336 |a texto  |b txt  |2 rdacontenido 
337 |a sin mediación  |b n  |2 rdamedio 
338 |a volumen  |b nc  |2 rdasoporte 
500 |a Traducción de: The Basic Neurosis. Oral Regression and Psychic Masochism 
649 |a XX 
650 |a Neurosis -  |x Estudios de Caso 
650 |a Neurosis 
650 |a Regresión (Psicoanálisis) 
650 |a Psicopatología 
650 |a Psicoanálisis Freudiano 
650 |a Psicoanálisis 
650 |a Psicología Clínica 
910 |a Fondo Armando Suárez Gómez 
920 |a Impresos - Libros 
930 |a Fondos Especiales 
905 |a 111 
901 |a 0700002885  |b IT2  |c ESP  |u 20250521 
902 |a https://opac.biblio.iteso.mx/vufind/Record/000186779